Statistics for Musical Acts by City #1

Click here to take the quiz!

General Stats

  • This quiz has been taken 30,060 times
    (7,727 since last reset)
  • The average score is 16 of 20

Answer Stats

Musical ActCity% Correct
The Beatles | A Flock of SeagullsLiverpool
96%
The Rolling Stones | AdeleLondon
96%
Jay-Z | The RamonesNew York City
95%
Snoop Dogg | Guns N' RosesLos Angeles
93%
U2 | Sinéad O'ConnorDublin
91%
Nirvana | Pearl JamSeattle
89%
ABBA | RobynStockholm
89%
Kanye West | Buddy GuyChicago
85%
Louis Armstrong | Harry Connick Jr.New Orleans
84%
Aretha Franklin | Diana RossDetroit
79%
Oasis | The SmithsManchester
79%
Aerosmith | Marky MarkBoston
76%
The Grateful Dead | MC HammerSan Francisco
76%
Daft Punk | David GuettaParis
75%
Miley Cyrus | Lady AntebellumNashville
74%
AC/DC | Rick SpringfieldSydney
73%
Ludacris | Gladys Knight & the PipsAtlanta
70%
Boyz II Men | Hall and OatesPhiladelphia
65%
Ricky Martin | Luis FonsiSan Juan
42%
R.E.M. | The B-52'sAthens, Georgia
34%

Score Distribution

Percentile by Number Answered

Percent of People with Each Score

Your Score History

You have not taken this quiz since the last reset